Statystyki dla Stolice UE bez podpowiedzi

Kliknij tutaj aby rozwiązać quiz!

Ogólne statystyki

  • Ten quiz został rozwiązany 24 322 razy
  • Średni wynik to 20 z 27

Statystyki odpowiedzi

KrajStolica% Poprawnych
PolskaWarszawa
99%
NiemcyBerlin
95%
FrancjaParyż
93%
HiszpaniaMadryt
92%
CzechyPraga
87%
WłochyRzym
86%
PortugaliaLizbona
85%
BelgiaBruksela
82%
HolandiaAmsterdam
80%
AustriaWiedeń
77%
SłowacjaBratysława
77%
WęgryBudapeszt
77%
LitwaWilno
76%
SzwecjaSztokholm
75%
GrecjaAteny
74%
FinlandiaHelsinki
73%
DaniaKopenhaga
72%
RumuniaBukareszt
72%
ŁotwaRyga
71%
ChorwacjaZagrzeb
69%
LuksemburgLuksemburg
66%
IrlandiaDublin
66%
EstoniaTallinn
64%
BułgariaSofia
60%
SłoweniaLublana
49%
MaltaValletta
37%
CyprNikozja
36%

Rozkład punktacji

Percentyl według liczby udzielonych odpowiedzi

Procent ludzi z każdym wynikiem

Twoja historia wyników

Nie rozwiązałeś tego quizu